Entry Personal Name
Number of records used in: 2
001 - CONTROL NUMBER
003 - CONTROL NUMBER IDENTIFIER
005 - DATE AND TIME OF LATEST TRANSACTION
- control field:
20231205105132.0
008 - FIXED-LENGTH DATA ELEMENTS
- fixed length control field:
800624n| azannaabn |a aaa
010 ## - LIBRARY OF CONGRESS CONTROL NUMBER
- LC control number:
n 79126907
035 ## - SYSTEM CONTROL NUMBER
- System control number:
(OCoLC)oca00358441
040 ## - CATALOGING SOURCE
- Original cataloging agency:
DLC
- Language of cataloging:
eng
- Description conventions:
rda
- Transcribing agency:
DLC
- Modifying agency:
DLC
- Modifying agency:
DLC-R
- Modifying agency:
Uk
- Modifying agency:
DLC
- Modifying agency:
IC
- Modifying agency:
UPB
- Modifying agency:
DLC
- Modifying agency:
WaU
- Modifying agency:
DLC
- Modifying agency:
ScU
- Modifying agency:
DLC
046 ## - SPECIAL CODED DATES
- Birth date:
1889-04-16
- Death date:
1977-12-25
- Source of date scheme:
edtf
053 #0 - LC CLASSIFICATION NUMBER
- Classification number element--single number or beginning number of span:
ML410.C4176
- Explanatory term:
Biography in music
100 1# - HEADING--PERSONAL NAME
- Personal name:
Chaplin, Charlie
- Dates associated with a name:
1889-1977
370 ## - ASSOCIATED PLACE
- Place of birth:
London (England)
- Place of death:
Vevey (Switzerland)
- Associated country:
Great Britain
- Associated country:
England
- Source of term:
naf
372 ## - FIELD OF ACTIVITY
- Field of activity:
Acting
- Field of activity:
Comedy films--Production and direction
- Field of activity:
Silent films--Production and direction
- Source of term:
lcsh
373 ## - ASSOCIATED GROUP
- Associated group:
United Artists Corporation
374 ## - OCCUPATION
- Occupation:
Actors
- Occupation:
Comedians
- Occupation:
Motion picture producers and directors
- Occupation:
Composers
- Source of term:
lcsh
377 ## - ASSOCIATED LANGUAGE
400 1# - SEE FROM TRACING--PERSONAL NAME
- Personal name:
Cāplin, Cārlī,
- Dates associated with a name:
1889-1977
400 1# - SEE FROM TRACING--PERSONAL NAME
- Personal name:
Chaplin, Charles,
- Dates associated with a name:
1889-1977
400 1# - SEE FROM TRACING--PERSONAL NAME
- Personal name:
Chaplin, Charles Spencer,
- Dates associated with a name:
1889-1977
400 1# - SEE FROM TRACING--PERSONAL NAME
- Control subfield:
nnaa
- Personal name:
Chaplin, Charles,
- Dates associated with a name:
1889-
400 0# - SEE FROM TRACING--PERSONAL NAME
- Personal name:
Charlot,
- Dates associated with a name:
1889-1977
400 1# - SEE FROM TRACING--PERSONAL NAME
- Personal name:
Sa-plin, Sác-li,
- Dates associated with a name:
1889-1977
400 0# - SEE FROM TRACING--PERSONAL NAME
- Personal name:
Sac-lô,
- Dates associated with a name:
1889-1977
400 0# - SEE FROM TRACING--PERSONAL NAME
- Personal name:
Sarlō,
- Dates associated with a name:
1889-1977
400 1# - SEE FROM TRACING--PERSONAL NAME
- Personal name:
Tsaplin, Tsarl Spenser,
- Dates associated with a name:
1889-1977
400 0# - SEE FROM TRACING--PERSONAL NAME
- Personal name:
Zhuobielin,
- Dates associated with a name:
1889-1977
400 1# - SEE FROM TRACING--PERSONAL NAME
- Personal name:
چپلن، چارلى,
- Dates associated with a name:
1889-1977
400 1# - SEE FROM TRACING--PERSONAL NAME
- Personal name:
Чаплин, Чарли,
- Dates associated with a name:
1889-1977
400 1# - SEE FROM TRACING--PERSONAL NAME
- Personal name:
Chaplin, Charli,
- Dates associated with a name:
1889-1977
670 ## - SOURCE DATA FOUND
- Source citation:
His Charlie Chaplin's own story ... 1916.
670 ## - SOURCE DATA FOUND
- Source citation:
Phạm, Văn Khoa. Sác-li Sa-plin, 1984:
- Information found:
t.p. (Sac-lô)
670 ## - SOURCE DATA FOUND
- Source citation:
Chiba, N. Chapurin ga Nihon o hashitta, 1992:
- Information found:
p. 7, etc. (b. Apr. 16, 1888; d. Dec. 25, 1977)
670 ## - SOURCE DATA FOUND
- Source citation:
BL database, 26 Apr. 2006:
- Information found:
(hdg.: Chaplin, Charles Spencer, Sir, K. B. E)
670 ## - SOURCE DATA FOUND
- Source citation:
Cārlī Cāplin : āp batī, 2008:
- Information found:
t.p. (Cārlī Cāplin)
670 ## - SOURCE DATA FOUND
- Source citation:
Wikipedia, Jan. 28, 2011
- Information found:
(Charlie Chaplin; Charles Chaplin; Sir Charles Spencer "Charlie" Chaplin; b. Apr. 16, 1889 in Walworth, London, England; d. Dec. 25, 1977 in Vevey, Vaud, Switzerland; actor and director; founder of United Artists Corp.)
670 ## - SOURCE DATA FOUND
- Source citation:
Shklovskiĭ, Viktor. Literatura i kinematograf, 1923:
- Information found:
page 52 (Чарли Чаплин/Charli Chaplin)
670 ## - SOURCE DATA FOUND
- Source citation:
LC database, Mar. 11, 2015
- Information found:
(hdg.: Chaplin, Charles, 1889- [from old catalog])
678 0# - BIOGRAPHICAL OR HISTORICAL DATA
- Biographical or historical data:
Charlie Chaplin (1889-1977) was an English film actor and director.